000 00612cam a22002053a 4500
001 40350
003 PGUSA
005 20140828083912.0
008 120727s2012||||xxu|||||s|||||000 | eng d
040 _aPGUSA
_beng
042 _adc
100 1 _aLinebarger, Paul Myron Anthony,
_d1913-1966
245 1 0 _aGovernment in Republican China
_h[electronic resource] /
_cPaul Myron Anthony Linebarger
260 _bProject Gutenberg,
_c2012
506 _aPublic domain in the USA.
516 _aElectronic text
830 0 _aProject Gutenberg
_v40350
856 4 0 _uhttp://www.gutenberg.org/ebooks/40350
942 _cEB
999 _c269603
_d269603